¿Crece la conflictividad escolar? : (Record no. 197146)
[ view plain ]
| 000 -CABECERA | |
|---|---|
| campo de control de longitud fija | 02302nab a2200289 a 4500 |
| 005 - FECHA Y HORA DE LA ÚLTIMA TRANSACCIÓN | |
| campo de control | 20210219163552.0 |
| 008 - ELEMENTOS DE LONGITUD FIJA--INFORMACIÓN GENERAL | |
| campo de control de longitud fija | 991125s1985 mx 000 0 spa u |
| 024 3# - OTRO IDENTIFICADOR NORMALIZADO | |
| Número estándar o código | dx.doi.org/10.6018/j/308991 |
| 035 ## - NÚMERO DE CONTROL DEL SISTEMA | |
| Número de control de sistema | UPN01000225050 |
| 049 ## - COLECCIÓN | |
| Colección | ART |
| 100 1# - ASIENTO PRINCIPAL--NOMBRE PERSONAL | |
| Nombre de persona | Hernando Mora, Inmaculada |
| 100 1# - ASIENTO PRINCIPAL--NOMBRE PERSONAL | |
| Nombre de persona | Sanz Ponce, Roberto |
| 222 #0 - TÍTULO CLAVE | |
| Título clave | EDUCATIO SIGLO XXI : REVISTA DE LA FACULTAD DE EDUCACION |
| 245 01 - MENCIÓN DE TÍTULO | |
| Título | ¿Crece la conflictividad escolar? : |
| Resto del título | percepciones de estudiantes y profesorado de secundaria |
| 260 ## - PUBLICACIÓN, DISTRIBUCIÓN, ETC. | |
| Lugar de publicación, distribución, etc. | Murcia, España |
| 300 ## - DESCRIPCIÓN FÍSICA | |
| Extensión | 255-276 |
| 362 0# - FECHAS DE PUBLICACIÓN Y/O DESIGNACIÓN SECUENCIAL | |
| Fecha de publicación y/o designación secuencial | 2017 Volumen 35, número 3, noviembre |
| 520 3# - NOTA DE RESUMEN, ETC. | |
| Sumario, etc. | La conflictividad escolar, un tema que ha sido estudiado en profundidad en los últimos años, preocupa a gran parte de la sociedad. Durante cierto tiempo, el acoso escolar ha seguido una trayectoria ascendente, sin embargo, han comenzado a aparecer nuevos estudios que demuestran que el clima escolar está mejorando. El objetivo de este artículo es comprobar si realmente el clima escolar está mejorando, mediante dos encuestas basadas en las percepciones de los profesores y de los alumnos, que fueron realizadas durante los cursos 1998/1999 y 2011/2012 por diferentes investigadores. La muestra total incluía a más de 4.000 profesores y estudiantes de tercer curso de Educación Secundaria. Los resultados muestran que, según los participantes, los estudiantes no presentan comportamientos especialmente problemáticos y que el clima escolar es positivo. La mayoría de las agresiones son verbales y los estudiantes problemáticos se limitan a entorpecer el curso de las clases. A pesar de ello, un 15% de los profesores se sienten desmotivados debido a la conflictividad escolar. También se ha comprobado que la situación familiar afecta a los resultados escolares. El porcentaje de estudiantes que repiten curso es mayor en aquellos hogares desestructurados y en aquellos en los que las madres se ausenta por motivos laborales |
| 653 0# - TERMINO DE INDIZACION - NO CONTROLADO | |
| Término no controlado | CLIMA ESCOLAR |
| 653 0# - TERMINO DE INDIZACION - NO CONTROLADO | |
| Término no controlado | EDUCACION SECUNDARIA |
| 653 0# - TERMINO DE INDIZACION - NO CONTROLADO | |
| Término no controlado | CONFLICTO ESCOLAR |
| 653 0# - TERMINO DE INDIZACION - NO CONTROLADO | |
| Término no controlado | ACOSO ESCOLAR |
| 856 4# - LOCALIZACIÓN Y ACCESO ELECTRÓNICOS | |
| Identificador Uniforme del Recurso | <a href="http://revistas.um.es/educatio/article/view/308991/218291">http://revistas.um.es/educatio/article/view/308991/218291</a> |
| 856 4# - LOCALIZACIÓN Y ACCESO ELECTRÓNICOS | |
| Identificador Uniforme del Recurso | <a href="http://dx.doi.org/10.6018/j/308991">http://dx.doi.org/10.6018/j/308991</a> |
| 856 4# - LOCALIZACIÓN Y ACCESO ELECTRÓNICOS | |
| Identificador Uniforme del Recurso | <a href="https://dialnet.unirioja.es/ejemplar/472761">https://dialnet.unirioja.es/ejemplar/472761</a> |
| 905 ## - TIPO DE MATERIAL | |
| Tipo de material | Articulo |
No items available.
